Top Ten Cell Phone Companies (In US) Quiz Stats

 Plays Quiz not verified by Sporcle

Score 0/10 Timer 03:00
0 Plays Today
General Hints Company % Correct
Also known as the Cellco PartnershipVerizon
93.5%
Third largest non oil company in US, apart from Walmart and Bank of AmericaAT&T
89.7%
A subsidiary of Deutsche TelekomT Mobile
82.9%
Founded in 1937, with a headquarters in Overland Park, KansasSprint
82.6%
Richard Branson is owner of ___________Virgin Mobile
51.5%
A sound an audience makes when you make a really lame jokeCricket
32.9%
Was originally launched in AustraliaBoost Mobile
32.6%
Based in Chicago, IllinoisUS Cellular
27.1%
Roger D. Linquist was founder of this companyMetroPCs
25.9%
A subsidiary of America MovilTracFone
11.5%

You're not logged in!

Compare scores with friends on all Sporcle quizzes.
OR
Log In

Show Comments

Extras

Top Quizzes Today


Score Distribution

Your Account Isn't Verified!

In order to create a playlist on Sporcle, you need to verify the email address you used during registration. Go to your Sporcle Settings to finish the process.

Report this User

Report this user for behavior that violates our Community Guidelines.

Details: